Adjudication (Record no. 70433)
[ view plain ]
| 000 -LEADER | |
|---|---|
| fixed length control field | 01307cam a2200217 4500 |
| 001 - CONTROL NUMBER | |
| control field | ABS65501 |
| 008 - FIXED-LENGTH DATA ELEMENTS--GENERAL INFORMATION | |
| fixed length control field | 020607n2002 000 0 eng u |
| 035 ## - SYSTEM CONTROL NUMBER | |
| System control number | (Sirsi) u118312 |
| 245 ## - TITLE STATEMENT | |
| Title | Adjudication |
| 260 ## - PUBLICATION, DISTRIBUTION, ETC. | |
| Date of publication, distribution, etc. | 2002 |
| 490 ## - SERIES STATEMENT | |
| Series statement | Construction Industry Law Letter |
| Volume/sequential designation | April 2002, 1841-1844(4) |
| 520 ## - SUMMARY, ETC. | |
| Summary, etc. | Discusses the case "RJT Consulting Engineers Ltd v DM Engineering (Northern Ireland) Ltd", CA, 8 March 2002, where a dispute arose over the performance of an oral agreement made at a meeting. It was held that where there is an oral agreement between the parties, it is necessary that all the terms, and not merely the existence, of a construction contract had to be evidenced in writing if the contract was to be capable of being referred to adjudication under the Housing Grants, Construction and Regeneration Act 1996 s107. The appellant has appealed. |
| 590 ## - LOCAL NOTE (RLIN) | |
| Local note | ABS |
| 650 ## - SUBJECT ADDED ENTRY--TOPICAL TERM | |
| Topical term or geographic name entry element | R J T CONSULTING ENGINEERS LTD V D M ENGINEERING (NI) LTD |
| 650 ## - SUBJECT ADDED ENTRY--TOPICAL TERM | |
| Topical term or geographic name entry element | MANAGEMENT-DISPUTE AVOIDANCE, MANAGEMENT AND RESOLUTION-DISPUTE MANAGEMENT AND RESOLUTION-ALTERNATIVE DISPUTE RESOLUTION-ADJUDICATION |
| 650 ## - SUBJECT ADDED ENTRY--TOPICAL TERM | |
| Topical term or geographic name entry element | ORAL AGREEMENTS |
| 650 ## - SUBJECT ADDED ENTRY--TOPICAL TERM | |
| Topical term or geographic name entry element | EVIDENCE OF AGREEMENT |
| 650 ## - SUBJECT ADDED ENTRY--TOPICAL TERM | |
| Topical term or geographic name entry element | HOUSING GRANTS, CONSTRUCTION AND REGENERATION ACT 1996 S107 |
| 690 ## - LOCAL SUBJECT ADDED ENTRY--TOPICAL TERM (OCLC, RLIN) | |
| Topical term or geographic name as entry element | Dispute resolution |
| 9 (RLIN) | 6236 |
| 942 ## - ADDED ENTRY ELEMENTS (KOHA) | |
| Suppress in OPAC | 0 |
| Withdrawn status | Lost status | Source of classification or shelving scheme | Damaged status | Not for loan | Home library | Current library | Shelving location | Date acquired | Total Checkouts | Full call number | Barcode | Date last seen | Copy number | Price effective from | Koha item type |
|---|---|---|---|---|---|---|---|---|---|---|---|---|---|---|---|
| Dewey Decimal Classification | London | London | Journal article | 07/06/2002 | ABS65501 | 118312-1001 | 06/08/2019 | 1 | 06/08/2019 | Journal article |